000 00482nam a2200181Ia 4500
003 LK-CoDNM
008 010623t xxu||||| |||| 00| 1 eng d
040 _aLK-CoDNM
_dLK-CoDNM
_eLK-CoDNM
041 _aeng
080 _a301 SOM
100 _aLewin,Cathy.
245 _aResearch Methods in the Social Sciences.
260 _bVistaar Publications
_aNew Delhi
300 _bxiv,368p., 24 100: 81-7829-493-1 cm
650 _aSociology
700 _aSomekh,Bridget.
942 _cBK
999 _c135481
_d135481